Diagnóstico de sistema de uso de biodiversidad (Registro nro. 4806)
[ vista simple ]
| 000 -CABECERA | |
|---|---|
| Campo de control | 01702nam a2200265 a 4500 |
| 005 - FECHA Y HORA DE LA ULTIMA TRANSACCION | |
| Campo de control | 20150410020002.0 |
| 008 - ELEMENTOS DE LONGITUD FIJA—INFORMACION GENERAL | |
| Campo de control | 131205b2005 CK ||||| |||| 00| 0 spa d |
| 040 ## - FUENTE DE CATALOGACIÓN | |
| Agencia transcriptora | CO-BoIH |
| 041 ## - IDIOMA | |
| Código de idioma para texto/pista de sonido o título separado | Español |
| 044 ## - PAÍS DE PUBLICACIÓN | |
| País de publicación | Colombia |
| 090 ## - CLASIFICACIÓN LOCAL | |
| Colección | IAVH |
| Consecutivo | 00439 |
| 100 ## - ASIENTO PRINCIPAL--NOMBRE PERSONAL | |
| Nombre personal | Castellanos C., Laura |
| 245 ## - MENCION DE TITULO | |
| Título | Diagnóstico de sistema de uso de biodiversidad |
| Parte restante del título | informe final |
| 260 ## - PUBLICACION, DISTRIBUCION, ETC. (PIE DE IMPRENTA) | |
| Lugar de publicación, distribución, etc. | Bogotá |
| Nombre del editor, distribuidor, etc. | Instituto Alexander von Humboldt |
| Fecha de publicación, distribución, etc. | 2005 |
| 300 ## - DESCRIPCION FISICA | |
| Extensión | 208 p. |
| 520 ## - NOTA DE RESUMEN, ETC. | |
| Nota de resumen | El objeto de este estudio es caracterizar y diagnosticar de manera integral los sistemas de uso de la biodiversidad andina, partiendo de sus tres principales componentes o subsistemas: usuarios (considerando aspectos socioeconómicos, culturales y de manejo de su entorno ambiental, así como su conocimiento asociado al uso de los recursos; espacios de uso (de acuerdo con características ecológicas y paisajísticas, considerando su estado de conservación y viabilidad de permanencia, de acuerdo con procesos de intervención y transformación a los que son sometidos; y recursos utilizados (en relación al tipo de uso, la demanda y la oferta natural, estimada en el paisaje, según características autoecológicas intrínsecas), como primer paso para la generación de herramientas de manejo, conservación y uso de la biodiversidad, involucrando la función que cumplen las comunidades locales en la viabilidad y éxito de estas propuestas. |
| 650 ## - ASIENTO SECUNDARIO DE MATERIA - TERMINO TEMATICO | |
| Término temático o nombre geográfico como elemento de entrada | Caracterización |
| 650 ## - ASIENTO SECUNDARIO DE MATERIA - TERMINO TEMATICO | |
| Término temático o nombre geográfico como elemento de entrada | Diagnóstico |
| 650 ## - ASIENTO SECUNDARIO DE MATERIA - TERMINO TEMATICO | |
| Término temático o nombre geográfico como elemento de entrada | Conservación |
| 650 ## - ASIENTO SECUNDARIO DE MATERIA - TERMINO TEMATICO | |
| Término temático o nombre geográfico como elemento de entrada | Herramientas de manejo |
| 650 ## - ASIENTO SECUNDARIO DE MATERIA - TERMINO TEMATICO | |
| Término temático o nombre geográfico como elemento de entrada | Usuarios |
| 650 ## - ASIENTO SECUNDARIO DE MATERIA - TERMINO TEMATICO | |
| Término temático o nombre geográfico como elemento de entrada | Espacios de uso |
| 650 ## - ASIENTO SECUNDARIO DE MATERIA - TERMINO TEMATICO | |
| Término temático o nombre geográfico como elemento de entrada | Recursos usados |
| 942 ## - ELEMENTOS ADICIONALES (KOHA) | |
| Tipo de ítem | Informe Técnico |
| Sistema de clasificación | Local |
| Koha issues (borrowed), all copies | 1 |
| Withdrawn status | Lost status | Sistema de Clasificación | Damaged status | No para préstamo | Colección | Inventariado | Ubicación Permanente | Ubicación actual | Fecha de adquisición | Total Checkouts | Número topográfico | Inventario / Código de Barras | Date last seen | Date checked out | Ejemplar | Price effective from | Forma de adquisición | Tipo de material |
|---|---|---|---|---|---|---|---|---|---|---|---|---|---|---|---|---|---|---|
| Local | Humboldt | Inventariado 2017 | Bogotá | Bogotá | 05/12/2013 | 1 | IAVH-00439 | 059635 | 09/08/2024 | 09/04/2015 | Ej. 1 | 05/12/2013 | Informe Técnico |